| 000 | 00443nam a22001337a 4500 | ||
|---|---|---|---|
| 999 |
_c517456 _d517456 |
||
| 008 | 210715b ||||| |||| 00| 0 eng d | ||
| 100 |
_aVohra, N. N. _926663 |
||
| 245 | _aGovernance: Responsibility of the polity and the public services | ||
| 260 | _aIndian Journal of Public Administration | ||
| 300 | _a66(3), Sep, 2020: p.390-403 | ||
| 773 | _aIndian Journal of Public Administration | ||
| 906 | _aPUBLIC ADMINISTRATION | ||
| 942 | _cAR | ||